Leyendas y tradiciones marineras / Juan Amades, José Tarín
Descripción Física:
75 p. : il. ; 24 cm
Otros Autores:
Tarín Iglesias, Josep, 1915-1996
MARC
| LEADER | 00000nam a2200000Ia 4500 | ||
|---|---|---|---|
| 001 | 1376 | ||
| 008 | 160829s9999 xx 000 0 cat d | ||
| 080 | |a C-2-59 | ||
| 100 | 1 | |a Amades, Joan, |d 1890-1959 |9 21237 | |
| 245 | |a Leyendas y tradiciones marineras / Juan Amades, José Tarín | ||
| 260 | |a Barcelona : |b Sección de Prensa de la Diputación Provincial de Barcelona, [1954?] | ||
| 300 | |a 75 p. : |b il. ; |c 24 cm | ||
| 590 | |a 'Premios San Jorge 1954 (Periodismo)' | ||
| 650 | |a Navegacio |x Catalunya |x Folklore |9 30958 | ||
| 650 | |a Marins |x Catalunya |x Folklore I |9 30959 | ||
| 650 | |a Pesca |x Catalunya |x Folklore |9 30960 | ||
| 651 | 0 | |a Catalunya |x Folklore |9 54778 | |
| 700 | 1 | |a Tarín Iglesias, Josep, |d 1915-1996 |9 21614 | |
| 710 | 1 | |a Barcelona (Catalunya : Província). |b Secció de Prensa |9 56531 | |
| 901 | |a Arxiu | ||
| 942 | |n 1 | ||
| 952 | |0 0 |1 0 |4 0 |6 C259 |7 1 |9 45584 |a Arxiu |b Arxiu |d 2016-12-01 |l 0 |o C-2-59 |p 1376 |r 2016-12-01 00:00:00 |w 2016-12-01 |y ARXIU | ||
| 999 | |c 48752 |d 48752 | ||